[Event "AUT-chT2M 1516"]
[Site "Austria"]
[Date "2015.11.15"]
[Round "5.2"]
[White "Mostbauer, Maximilian"]
[Black "Zimmer, Christian"]
[Result "1-0"]
[WhiteElo "2126"]
[BlackElo "1955"]
[PlyCount "49"]
[EventDate "2015.10.02"]
[EventType "team-tourn"]
[EventRounds "11"]
[EventCountry "AUT"]
[SourceTitle "EXT 2017"]
[Source "ChessBase"]
[SourceDate "2016.10.25"]
[SourceVersion "1"]
[SourceVersionDate "2016.10.25"]
[SourceQuality "1"]
[WhiteTeam "Ansfelden"]
[BlackTeam "Hartkirchen Union"]
[WhiteTeamCountry "AUT"]
[BlackTeamCountry "AUT"]

1. d4 d5 2. Nf3 Nf6 3. c4 e6 4. Nc3 Be7 5. Bf4 0-0 6. e3 a6 7. c5 Nc6 8. a3 b6 9. b4 Nh5 10. Ne5 Nxe5 11. Bxe5 Nf6 12. g4 b5 13. a4 bxa4 14. Rxa4 Bb7 15. Be2 Ne4 16. Nxe4 dxe4 17. Qa1 Qc8 18. b5 axb5 19. Bxb5 Bd5 20. Rxa8 Qxa8 21. 0-0 c6 22. Be2 Rc8 23. Rb1 h6 24. Qb2 Bd8 25. Ra1 1-0

[Event "Plzen op-A 10th"]
[Site "Plzen"]
[Date "2004.??.??"]
[Round "8"]
[White "Woudstra, Willem"]
[Black "Zimmer, Christian"]
[Result "1/2-1/2"]
[WhiteElo "1780"]
[BlackElo "2020"]
[PlyCount "35"]
[EventDate "2004.08.??"]
[EventType "swiss"]
[EventRounds "9"]
[EventCountry "CZE"]
[SourceTitle "EXT 2007"]
[Source "ChessBase"]
[SourceDate "2006.11.23"]
[SourceVersion "1"]
[SourceVersionDate "2006.11.23"]
[SourceQuality "1"]

1. d4 d5 2. Nf3 Nf6 3. c4 dxc4 4. e3 c5 5. Bxc4 cxd4 6. Nxd4 e6 7. 0-0 a6 8. Nd2 Be7 9. N2f3 0-0 10. b3 b5 11. Bd3 Bb7 12. Bb2 Nbd7 13. Ng5 Rc8 14. Rc1 h6 15. Rxc8 Qxc8 16. Nh3 Qb8 17. Bb1 Rc8 18. Re1 1/2-1/2

[Event "Plzen op-A 10th"]
[Site "Plzen"]
[Date "2004.??.??"]
[Round "9"]
[White "Zimmer, Christian"]
[Black "Reitingerova, Iveta"]
[Result "0-1"]
[WhiteElo "2020"]
[BlackElo "1840"]
[PlyCount "50"]
[EventDate "2004.08.??"]
[EventType "swiss"]
[EventRounds "9"]
[EventCountry "CZE"]
[SourceTitle "EXT 2007"]
[Source "ChessBase"]
[SourceDate "2006.11.23"]
[SourceVersion "1"]
[SourceVersionDate "2006.11.23"]
[SourceQuality "1"]

1. c4 e5 2. Nc3 d6 3. g3 Nc6 4. Bg2 f5 5. d3 Nf6 6. Nf3 Be7 7. e4 0-0 8. 0-0 Qe8 9. Qe2 fxe4 10. dxe4 Bg4 11. h3 Nd4 12. Qd3 Nxf3+ 13. Bxf3 Bxh3 14. Bg2 Qh5 15. f3 Bxg2 16. Kxg2 c6 17. Be3 Qg6 18. Ne2 Nh5 19. Rh1 b6 20. Rh2 Rad8 21. Rah1 Nf6 22. Qa3 Qf7 23. Qc3 Nxe4 24. fxe4 Qf3+ 25. Kh3 Qh5+ 0-1

[Event "Plzen op-A 10th"]
[Site "Plzen"]
[Date "2004.??.??"]
[Round "6"]
[White "Zimmer, Christian"]
[Black "Steinhauser, Dominik"]
[Result "1/2-1/2"]
[WhiteElo "2020"]
[BlackElo "1750"]
[PlyCount "46"]
[EventDate "2004.08.??"]
[EventType "swiss"]
[EventRounds "9"]
[EventCountry "CZE"]
[SourceTitle "EXT 2007"]
[Source "ChessBase"]
[SourceDate "2006.11.23"]
[SourceVersion "1"]
[SourceVersionDate "2006.11.23"]
[SourceQuality "1"]

1. c4 Nc6 2. Nc3 e5 3. g3 g6 4. Bg2 Bg7 5. Nf3 Nge7 6. d3 d6 7. 0-0 0-0 8. a3 a5 9. Bg5 f6 10. Bd2 f5 11. Qc1 g5 12. e3 Ng6 13. Ne2 a4 14. Ne1 Na5 15. Bxa5 Rxa5 16. Qd2 Ra6 17. Nc3 f4 18. Qd1 Qd7 19. Bd5+ Kh8 20. Be4 Ne7 21. Rb1 Nf5 22. exf4 gxf4 23. gxf4 exf4 1/2-1/2